[Event "Linares"]
[Site "Linares"]
[Date "1988.??.??"]
[Round "?"]
[White "Timman, Jan H"]
[Black "Jussupow, Artur"]
[Result "1/2-1/2"]
[WhiteElo "2675"]
[BlackElo "2620"]

1.d4 Nf6 2.c4 e6 3.Nf3 d5 4.Nc3 Be7 5.Bg5 h6 6.Bxf6 Bxf6 7.e3 O-O 8.Rc1 c6
9.Bd3 Nd7 10.O-O dxc4 11.Bxc4 e5 12.h3 exd4 13.exd4 Nb6 14.Bb3 Bf5 15.Re1 a5
16.a3 Re8 17.Rxe8+ Qxe8 18.Qd2 Qd7 19.Re1 Re8 20.Rxe8+ Qxe8 21.Qf4 Be6 22.Bxe6 Qxe6
23.Qc7 Nc4 24.Qb8+ Kh7 25.Qxb7 Bxd4 26.Nxd4 Qe1+ 27.Kh2 Nd2 28.Qxf7  1/2-1/2

[Event "Linares"]
[Site "Linares"]
[Date "1988.??.??"]
[Round "?"]
[White "Timman, Jan H"]
[Black "Hjartarson, Johann"]
[Result "1/2-1/2"]
[WhiteElo "2675"]
[BlackElo "2590"]

1.d4 Nf6 2.c4 e6 3.Nf3 d5 4.Nc3 Be7 5.Bg5 h6 6.Bxf6 Bxf6 7.e3 O-O 8.Rc1 c6
9.Bd3 Nd7 10.O-O dxc4 11.Bxc4 e5 12.Re1 exd4 13.exd4 Nb6 14.Bb3 Bf5 15.h3 a5
16.Ne5 Bxe5 17.Rxe5 Bg6 18.a3 Qd6 19.Qg4 Nd7 20.Re3 Kh8 21.Qe2 Nf6 22.Rd1 Rfe8
23.Re5 b5 24.Qe3 b4 25.axb4 Qxb4 26.Ba4 Rxe5 27.dxe5 Nd5 28.Qd4 Qxb2 29.Nxd5 Qxd4
30.Rxd4 cxd5 31.Rxd5 Bf5 32.Rc5 g5 33.Kh2  1/2-1/2

[Event "Linares"]
[Site "Linares"]
[Date "1988.??.??"]
[Round "?"]
[White "Timman, Jan H"]
[Black "Georgiev, Kiril"]
[Result "1-0"]
[WhiteElo "2675"]
[BlackElo "2595"]

1.d4 Nf6 2.c4 e6 3.Nc3 Bb4 4.e3 c5 5.Bd3 Nc6 6.Ne2 cxd4 7.exd4 d5 8.cxd5 Qxd5
9.O-O Qd8 10.Bc2 Be7 11.a3 a6 12.Qd3 b5 13.Rd1 Bb7 14.Qg3 Bd6 15.Qh3 Ne7
16.Bg5 Qd7 17.Bxf6 gxf6 18.Be4 f5 19.Bxb7 Qxb7 20.d5 O-O-O 21.dxe6 fxe6 22.Nd4 Qd7
23.Rac1 Kb8 24.Qe3 Rhg8 25.Nxe6 Qb7 26.g3 Rd7 27.Rc2 f4 28.Qe4 Nc8 29.Nxf4 Rf7
30.Qxb7+ Kxb7 31.Nfd5 h5 32.Ne4 Be5 33.f4 Bb8 34.Ndf6 Rh8 35.Rd7+ Rxd7 36.Nxd7 Nd6
37.Ndc5+ Kb6 38.Nxd6 Bxd6  1-0

[Event "Linares"]
[Site "Linares"]
[Date "1988.??.??"]
[Round "?"]
[White "Portisch, Lajos"]
[Black "Ljubojevic, Ljubomir"]
[Result "1/2-1/2"]
[WhiteElo "2610"]
[BlackElo "2610"]

1.d4 Nf6 2.c4 e6 3.Nf3 d5 4.Nc3 Nbd7 5.cxd5 exd5 6.Bg5 c6 7.e3 Be7 8.Qc2 Nf8
9.Bd3 Ne6 10.Bh4 g6 11.O-O O-O 12.Rab1 Ng4 13.Bxe7 Qxe7 14.h3 Nh6 15.Qc1 Rd8
16.e4 dxe4 17.Bxe4 Kg7 18.d5 cxd5 19.Bxd5 Qc7 20.b3 Qf4 21.Rd1 Qxc1 22.Rbxc1 Nf5
23.g3 Rb8 24.h4 h6 25.Kh2 Ne7 26.Bc4 Nc6  1/2-1/2

[Event "Linares"]
[Site "Linares"]
[Date "1988.??.??"]
[Round "?"]
[White "Portisch, Lajos"]
[Black "Chandler, Murray G"]
[Result "1/2-1/2"]
[WhiteElo "2610"]
[BlackElo "2590"]

1.Nf3 d5 2.d4 Nf6 3.c4 dxc4 4.e3 e6 5.Bxc4 c5 6.Qe2 a6 7.dxc5 Bxc5 8.O-O Qc7
9.Nbd2 Nc6 10.a3 a5 11.b3 O-O 12.Bb2 e5 13.Rfc1 Bd6 14.Qd3 Qe7 15.Ng5 Bc7
16.Qc2 h6 17.Nge4 Nxe4 18.Nxe4 Bf5 19.Bd3 Kh8 20.Nc5 Bxd3 21.Qxd3 Bb6 22.Ne4 Rad8
23.Qb5 f5 24.Qxb6 fxe4 25.Bc3 Rd5 26.Rd1 Rfd8 27.Rxd5 Rxd5 28.h3 Qd7 29.Kh2 Kh7
30.b4 a4 31.Be1 Nd8 32.Rb1 Ne6 33.b5 Nc5 34.Qa7 Qc7 35.Qa5 Qd7 36.Qa8 b6
37.Bc3 Qb7 38.Qf8 Qd7 39.Rb4 Qe6 40.Rb1 Qf6 41.Qa8 Rd8 42.Qc6 Rd6 43.Qc7 Re6
44.Rf1 Qg5 45.Qc8 h5 46.Qa8 Rg6 47.g3 Qf5 48.Qd5 Qf3 49.Qd1 Nd3 50.Qxf3 exf3
51.e4 Kg8 52.Bd2 Nc5 53.Re1 Rd6 54.Bb4 Rd3 55.h4 Kf7 56.g4 hxg4 57.Kg3 Nd7
58.Kxg4 Nf6+ 59.Kf5 g6+ 60.Kxe5 Ng4+ 61.Kf4 Nf6 62.Re3 Rxe3 63.Kxe3 Nxe4
64.Kxf3 Nf6 65.Bc3 Nd5 66.Be5 Ke6 67.Ke4 Ne7 68.Bd4 Nc8 69.Kf4 Nd6 70.Bxb6  1/2-1/2

[Event "Linares"]
[Site "Linares"]
[Date "1988.??.??"]
[Round "?"]
[White "Portisch, Lajos"]
[Black "Georgiev, Kiril"]
[Result "1/2-1/2"]
[WhiteElo "2610"]
[BlackElo "2595"]

1.d4 Nf6 2.c4 e6 3.Nf3 d5 4.Nc3 Be7 5.Bg5 h6 6.Bh4 O-O 7.e3 b6 8.cxd5 Nxd5
9.Bxe7 Qxe7 10.Nxd5 exd5 11.Be2 Be6 12.O-O c5 13.b3 Rc8 14.Qd2 a5 15.Rfc1 Nd7
16.Bb5 Nf6 17.Qb2 Bd7 18.Bf1 Ne4 19.Ne5 a4 20.Bd3 a3 21.Qe2 Bf5 22.Rc2 f6
23.Nf3 Bg4 24.Rac1 Ng5 25.Qd1 Nxf3+ 26.gxf3 Be6 27.Bf1 Bf5 28.Rc3 cxd4 29.Qxd4 Qe5
30.Rxc8+ Rxc8 31.Rxc8+ Bxc8 32.Qxb6 Qg5+ 33.Bg2 Bh3 34.Qb8+ Kf7 35.Qc7+ Ke8
36.Qb8+ Kf7 37.Qc7+ Ke8  1/2-1/2

[Event "Linares"]
[Site "Linares"]
[Date "1988.??.??"]
[Round "?"]
[White "Ljubojevic, Ljubomir"]
[Black "Timman, Jan H"]
[Result "0-1"]
[WhiteElo "2610"]
[BlackElo "2675"]

1.e4 e5 2.Nf3 Nf6 3.Nxe5 d6 4.Nf3 Nxe4 5.d4 d5 6.Bd3 Bd6 7.O-O O-O 8.c4 c6
9.Qc2 Na6 10.a3 Bg4 11.Bxe4 dxe4 12.Ng5 Bf5 13.Nc3 Re8 14.Re1 Bc7 15.Qb3 Qxd4
16.Be3 Nc5 17.Qb4 Qd6 18.Qxc5 Qxh2+ 19.Kf1 Bg4 20.Nh3 Re5 21.Nd5 Bxh3 22.gxh3 Bb6
23.Nxb6 Rxc5 24.Nxa8 Qxh3+ 25.Ke2 Rxc4 26.Rad1 Rc2+ 27.Rd2 Qf3+ 28.Kf1 Rxd2
29.Bxd2 Qd3+ 30.Re2 h5 31.Bc3 h4 32.Ke1 h3 33.Be5 f6 34.Bg3 Qf3 35.Rd2 Qg2  0-1

[Event "Linares"]
[Site "Linares"]
[Date "1988.??.??"]
[Round "?"]
[White "Jussupow, Artur"]
[Black "Portisch, Lajos"]
[Result "1/2-1/2"]
[WhiteElo "2620"]
[BlackElo "2610"]

1.d4 Nf6 2.c4 e6 3.g3 d5 4.Bg2 dxc4 5.Nf3 Bd7 6.Ne5 Bc6 7.Nxc6 Nxc6 8.e3 Qd7
9.O-O Rb8 10.Qe2 b5 11.a4 a6 12.axb5 axb5 13.b3 cxb3 14.Nd2 Be7 15.Nxb3 O-O
16.Bb2 Nb4 17.Rfd1 Rfd8 18.Rac1 Na2 19.Ra1 Nb4 20.Rac1 Na2 21.Ra1  1/2-1/2

[Event "Linares"]
[Site "Linares"]
[Date "1988.??.??"]
[Round "?"]
[White "Ljubojevic, Ljubomir"]
[Black "Chandler, Murray G"]
[Result "1-0"]
[WhiteElo "2610"]
[BlackElo "2590"]

1.d4 Nf6 2.c4 e6 3.Nf3 b6 4.g3 Ba6 5.b3 Bb7 6.Bg2 Bb4+ 7.Bd2 a5 8.O-O O-O
9.Qc2 c5 10.dxc5 Bxc5 11.Nc3 d5 12.cxd5 exd5 13.Rad1 Nbd7 14.Bf4 Rc8 15.Qb2 Qe7
16.Nd4 Bb4 17.Ncb5 g6 18.a3 Bc5 19.Rb1 Nh5 20.Bh6 Rfe8 21.b4 axb4 22.axb4 Bxd4
23.Qxd4 Rc4 24.Qe3 Qd8 25.Qb3 Ne5 26.Rfd1 Qd7 27.Na3 Rcc8 28.Be3 Qe6 29.Bxd5 Bxd5
30.Qxd5 Qg4 31.Rb2 Nf6 32.Qd4 Qh3 33.Qh4 Qe6 34.Bd4 Nd5 35.Qe4 Nc3 36.Bxc3 Rxc3
37.Nb5 Rc4 38.Qe3 Qf6 39.Nd6 Re6 40.Rbd2 Rxb4 41.Qa3 Ng4 42.f3 Qe5 43.fxg4 Rxg4
44.Qf3 f5 45.e4  1-0

[Event "Linares"]
[Site "Linares"]
[Date "1988.??.??"]
[Round "?"]
[White "Jussupow, Artur"]
[Black "Chandler, Murray G"]
[Result "1/2-1/2"]
[WhiteElo "2620"]
[BlackElo "2590"]

1.d4 d5 2.Nf3 Nf6 3.c4 dxc4 4.Nc3 c6 5.a4 Bf5 6.e3 e6 7.Bxc4 Bb4 8.O-O Nbd7
9.Nh4 O-O 10.Nxf5 exf5 11.f3 Qa5 12.Qc2 c5 13.Na2 cxd4 14.Nxb4 Qxb4 15.exd4 Nb6
16.Bb3 Qxd4+ 17.Qf2 Qxf2+ 18.Kxf2 Rac8 19.Rd1 Nc4 20.a5 Rc5 21.a6 b6 22.Ba4 b5
23.Bb3 Nd5 24.Bxc4 bxc4 25.Be3 Nxe3 26.Kxe3 Rc7 27.Kd4 g6 28.Kc3 Re8 29.Re1 Rb8
30.Ra4 Rb3+ 31.Kc2 Rb6 32.Re8+ Kg7 33.Ra8 Re6 34.Kc3 Kf6 35.Rxc4 Rxc4+ 36.Kxc4 Rxa6
37.b4 Ke5 38.b5 Ra1 39.Kc5 Kf4 40.Rf8 h5 41.Rxf7 h4 42.Rf6 g5 43.g3+ Kxf3
44.gxh4 gxh4 45.Rxf5+ Kg2 46.Rg5+ Kxh2 47.Rg7 h3 48.Kc6 Ra3 49.Kd6 Kh1 50.Kc6 h2
51.Kd6 Ra5 52.Kc6 Ra1 53.Kd6 Ra5  1/2-1/2

[Event "Linares"]
[Site "Linares"]
[Date "1988.??.??"]
[Round "?"]
[White "Jussupow, Artur"]
[Black "Ljubojevic, Ljubomir"]
[Result "1/2-1/2"]
[WhiteElo "2620"]
[BlackElo "2610"]

1.d4 Nf6 2.c4 d6 3.Nc3 e5 4.Nf3 e4 5.Nd2 Bf5 6.Qb3 Nc6 7.e3 Rb8 8.Qa4 Qd7
9.d5 Ne5 10.Qxa7 Qc8 11.Qd4 c5 12.dxc6 Nxc6 13.Qb6 Be7 14.Be2 O-O 15.Nd5 Nxd5
16.cxd5 Ne5 17.O-O Qc2 18.Qb3 Rfc8 19.Qxc2 Rxc2 20.Bd1 Rc7 21.Nb3 Nd3  1/2-1/2

[Event "Linares"]
[Site "Linares"]
[Date "1988.??.??"]
[Round "?"]
[White "Jussupow, Artur"]
[Black "Illescas Cordoba, Miguel"]
[Result "1/2-1/2"]
[WhiteElo "2620"]
[BlackElo "2495"]

1.d4 d5 2.c4 e6 3.Nc3 c5 4.cxd5 exd5 5.Nf3 Nc6 6.g3 Nf6 7.Bg2 Be7 8.O-O O-O
9.Bg5 cxd4 10.Nxd4 h6 11.Be3 Re8 12.Qa4 Bd7 13.Rad1 Nb4 14.Qb3 a5 15.a4 Rc8
16.Ndb5 Be6 17.Bd4 Bc5 18.Bxc5 Rxc5 19.Nd4 Bg4 20.h3 Bd7 21.Rd2 Qb8 22.Rfd1 Ne4
23.Nxe4 dxe4 24.Nb5 Bxb5 25.axb5 e3 26.Rd7 exf2+ 27.Kxf2 Rf5+ 28.Bf3 Qe5
29.Qc4 b6 30.Rd8 g6 31.Kg2 Kh7 32.g4 Rf6 33.Rxe8 Qxe8  1/2-1/2

[Event "Linares"]
[Site "Linares"]
[Date "1988.??.??"]
[Round "?"]
[White "Jussupow, Artur"]
[Black "Beliavsky, Alexander G"]
[Result "1/2-1/2"]
[WhiteElo "2620"]
[BlackElo "2645"]

1.d4 d5 2.c4 e6 3.Nc3 Nf6 4.Bg5 Be7 5.e3 h6 6.Bh4 O-O 7.Nf3 b6 8.Be2 Bb7
9.Bxf6 Bxf6 10.cxd5 exd5 11.b4 c5 12.bxc5 bxc5 13.Rb1 Qa5 14.Qd2 cxd4 15.Nxd4 Bxd4
16.exd4 Ba6 17.Nb5 Qd8 18.O-O Nc6 19.Rbd1 Qf6 20.Bf3 Rab8 21.a4 Rfd8 22.Qc3 Bc8
23.Rc1 a6 24.Qxc6 Qxc6 25.Rxc6 axb5 26.axb5  1/2-1/2

[Event "Linares"]
[Site "Linares"]
[Date "1988.??.??"]
[Round "?"]
[White "Illescas Cordoba, Miguel"]
[Black "Portisch, Lajos"]
[Result "1/2-1/2"]
[WhiteElo "2495"]
[BlackElo "2610"]

1.e4 c5 2.Nf3 Nc6 3.d4 cxd4 4.Nxd4 Qc7 5.Nc3 e6 6.Be2 a6 7.O-O Nf6 8.Be3 d6
9.f4 Bd7 10.Kh1 Be7 11.Qe1 b5 12.a3 O-O 13.Qg3 Kh8 14.Bd3 Rab8 15.Nxc6 Bxc6
16.e5 dxe5 17.fxe5 Ng8 18.Qh3 h6 19.Rae1 b4 20.Ne4 Bb5 21.Nf6 Bxd3 22.cxd3 bxa3
23.Nxg8 Kxg8 24.Bxh6 gxh6 25.Qxh6 Rb4 26.Rf3 Bh4 27.Rg3+ Bxg3  1/2-1/2

[Event "Linares"]
[Site "Linares"]
[Date "1988.??.??"]
[Round "?"]
[White "Illescas Cordoba, Miguel"]
[Black "Ljubojevic, Ljubomir"]
[Result "1/2-1/2"]
[WhiteElo "2495"]
[BlackElo "2610"]

1.e4 c5 2.Nf3 d6 3.d4 cxd4 4.Nxd4 Nf6 5.Nc3 a6 6.Be2 e5 7.Nb3 Be7 8.Be3 Be6
9.f4 exf4 10.Bxf4 Nc6 11.Qd2 O-O 12.O-O-O Ne5 13.Nd4 Rc8 14.Nf5 Bxf5 15.exf5 Rc5
16.g4 h6 17.g5 hxg5 18.Bxg5 Qd7 19.Qf4 Rfc8 20.Kb1 Nc4 21.Bxc4 Rxc4 22.Qf3 R8c5
23.Bxf6 Bxf6 24.Nd5 Rxc2 25.Nxf6+ gxf6 26.Qg3+ Kf8 27.Qxd6+ Qxd6 28.Rxd6 Rf2
29.Rxf6 Rb5 30.b3 Rd2 31.Rh6 Rxf5 32.Rb6 Rff2 33.a4 Rd7 34.h4 Kg7 35.Rc1 Rh2
36.Rb4 Rg2 37.Rc2 Rxc2 38.Kxc2 Kf6 39.Kc3 Ke5 40.h5 Kf5 41.Rd4 Rc7+ 42.Kd3 Kg5
43.Rd5+ f5 44.a5 Rc1 45.Kd2 Rc6 46.b4 b5 47.axb6 Rxb6 48.Ra5 Kg4 49.Ke2 f4
50.Kf2 Rc6 51.Rc5 Rd6 52.b5 a5 53.b6 Rxb6 54.Rxa5 Rb2+ 55.Kf1 Kg3 56.Rf5 Kf3
57.Kg1 Rg2+ 58.Kf1 Rg4 59.Ra5 Rh4 60.Ra3+ Kg4 61.Kg2 Rxh5 62.Rb3 Ra5 63.Kf2 Ra2+  1/2-1/2

[Event "Linares"]
[Site "Linares"]
[Date "1988.??.??"]
[Round "?"]
[White "Illescas Cordoba, Miguel"]
[Black "Georgiev, Kiril"]
[Result "1/2-1/2"]
[WhiteElo "2495"]
[BlackElo "2595"]

1.e4 c5 2.Nf3 d6 3.d4 Nf6 4.Nc3 cxd4 5.Nxd4 a6 6.Be2 e6 7.f4 Qc7 8.O-O Be7
9.Kh1 O-O 10.Qe1 b5 11.e5 dxe5 12.fxe5 Nfd7 13.Bf3 Bb7 14.Bf4 Nc6 15.Bxc6 Bxc6
16.Qg3 Kh8 17.Rae1 Bb7 18.Bg5 Bxg5 19.Qxg5 h6 20.Qh5 Nc5 21.Re3 Kh7 22.a3 Rad8
23.Nf3 Qe7 24.b4 Nd7 25.Ne4 g6 26.Qg4 Kg7 27.h4 Bxe4 28.Qxe4 Nb6 29.h5 Nc4
30.Rd3 Rxd3 31.cxd3 Nxa3 32.hxg6 fxg6 33.Ra1 Nc2 34.Rxa6 Nxb4 35.Rd6 Nd5
36.Nd4 Rf1+ 37.Kh2 Nf4 38.Nf3 Rxf3 39.Qxf3 Qh4+ 40.Kg1 Qe1+ 41.Kh2  1/2-1/2

[Event "Linares"]
[Site "Linares"]
[Date "1988.??.??"]
[Round "?"]
[White "Hjartarson, Johann"]
[Black "Ljubojevic, Ljubomir"]
[Result "0-1"]
[WhiteElo "2590"]
[BlackElo "2610"]

1.Nf3 c5 2.c4 Nc6 3.g3 g6 4.d4 cxd4 5.Nxd4 Bg7 6.Nc2 d6 7.Bg2 Be6 8.Ne3 Qd7
9.O-O Bh3 10.Bxh3 Qxh3 11.Nd5 Rc8 12.Nd2 Qg4 13.Rb1 h5 14.f3 Qd7 15.Ne4 h4
16.Bf4 hxg3 17.Bxg3 Nh6 18.b3 Nf5 19.Bf4 Ncd4 20.Bg5 Kf8 21.Qd3 Ne6 22.Bd2 Nc5
23.Nxc5 dxc5 24.e4 Bd4+ 25.Kg2 Ng3  0-1

[Event "Linares"]
[Site "Linares"]
[Date "1988.??.??"]
[Round "?"]
[White "Illescas Cordoba, Miguel"]
[Black "Chandler, Murray G"]
[Result "1-0"]
[WhiteElo "2495"]
[BlackElo "2590"]

1.e4 c5 2.Nf3 d6 3.d4 cxd4 4.Nxd4 Nf6 5.Nc3 Nc6 6.Be2 e5 7.Nf3 h6 8.O-O Be7
9.Re1 O-O 10.h3 Be6 11.Bf1 Kh8 12.Nd5 Nh7 13.b3 f5 14.exf5 Bxf5 15.Ba3 Bh4
16.Nxh4 Qxh4 17.Bxd6 Ng5 18.Bxe5 Nxe5 19.Rxe5 Bxh3 20.f4 Rad8 21.c4 Rxd5
22.Qxd5 Qxf4 23.Rxg5 Be6 24.Qxe6 Qd4+ 25.Kh2 hxg5 26.Re1 g4 27.Qd5 Qf2 28.Qh5+ Kg8
29.c5  1-0

[Event "Linares"]
[Site "Linares"]
[Date "1988.??.??"]
[Round "?"]
[White "Hjartarson, Johann"]
[Black "Portisch, Lajos"]
[Result "0-1"]
[WhiteElo "2590"]
[BlackElo "2610"]

1.d4 Nf6 2.c4 e6 3.Nf3 b6 4.Nc3 Bb7 5.a3 d5 6.cxd5 Nxd5 7.Qc2 Nxc3 8.Qxc3 h6
9.e3 Be7 10.Bb5+ c6 11.Ba4 O-O 12.O-O Nd7 13.Rd1 Qc7 14.e4 Rfd8 15.g3 c5
16.d5 exd5 17.exd5 Nf6 18.Bf4 Qc8 19.d6 Bxd6 20.Rxd6 Rxd6 21.Bxd6 Ne4 22.Qd3 Nxd6
23.Ne5 Qe6 24.Re1 c4 25.Qd4 b5 26.Bc2 Re8 27.f4 Rd8 28.f5 Qe7 29.Qxa7 Qc7
30.f6 Re8 31.Qd4 Re6 32.fxg7 Qe7 33.Re3 h5 34.Qf4 Ba8 35.g4 Qb7 36.Nf3 Qb6
37.Nd4 Rxe3 38.Qxe3 Qb7 39.Qe5 Qg2+  0-1

[Event "Linares"]
[Site "Linares"]
[Date "1988.??.??"]
[Round "?"]
[White "Hjartarson, Johann"]
[Black "Beliavsky, Alexander G"]
[Result "1/2-1/2"]
[WhiteElo "2590"]
[BlackElo "2645"]

1.Nf3 d5 2.c4 e6 3.b3 Nf6 4.Bb2 Be7 5.g3 O-O 6.Bg2 c5 7.O-O Nc6 8.e3 b6 9.Nc3 Ba6
10.d3 Rc8 11.Qe2 Qd7 12.Rad1 Rfd8 13.Rfe1 d4 14.exd4 Nxd4 15.Nxd4 cxd4 16.Ne4 Nxe4
17.Qxe4 Rc7 18.Bc1 Bb7 19.Qe2 Bb4 20.Bd2 Bxd2 21.Rxd2 Bxg2 22.Kxg2 Rc5 23.b4 Rf5
24.Qe4 h5 25.h3 Qd6 26.a3 g5 27.Qe2 h4 28.g4 Rf4 29.Qe5 Qe7 30.Rde2 Rd6 31.Re4 f6
32.Qb5 Rxe4 33.Rxe4 e5 34.Re2 Qb7+ 35.f3 Qd7 36.a4 Kf7 37.c5 Qxb5 38.axb5 Rd7
39.c6 Rc7 40.Ra2 Ke6 41.Kf2 Kd5  1/2-1/2

[Event "Linares"]
[Site "Linares"]
[Date "1988.??.??"]
[Round "?"]
[White "Hjartarson, Johann"]
[Black "Jussupow, Artur"]
[Result "1/2-1/2"]
[WhiteElo "2590"]
[BlackElo "2620"]

1.e4 e6 2.d4 d5 3.Nc3 Bb4 4.e5 Ne7 5.a3 Bxc3+ 6.bxc3 c5 7.Qg4 O-O 8.Nf3 Nbc6
9.Bd3 f5 10.exf6 Rxf6 11.Bg5 Rf7 12.Bxe7 Rxe7 13.Qh4 h6 14.O-O c4 15.Bg6 Bd7
16.Rfe1 Be8 17.Bxe8 Qxe8 18.Ne5 Nxe5 19.Rxe5 Rf7 20.Qg4 Qa4 21.Qxe6 Qxc2
22.Qxd5 Qxf2+ 23.Kh1 Rc8 24.Re7 Kf8 25.Ree1 Qf6 26.h3 Qc6 27.Qe5 Kg8 28.a4 Rcf8
29.Qe6 Qxe6 30.Rxe6 Rf1+ 31.Rxf1 Rxf1+ 32.Kh2 Kf7 33.Rd6 Ke7 34.Rg6 Kf7 35.Rd6 Ke7
36.Rg6 Kf7  1/2-1/2

[Event "Linares"]
[Site "Linares"]
[Date "1988.??.??"]
[Round "?"]
[White "Hjartarson, Johann"]
[Black "Illescas Cordoba, Miguel"]
[Result "1/2-1/2"]
[WhiteElo "2590"]
[BlackElo "2495"]

1.d4 d5 2.c4 e6 3.Nf3 c5 4.cxd5 exd5 5.g3 Nf6 6.Bg2 Be7 7.O-O O-O 8.Nc3 Nc6
9.Bg5 cxd4 10.Nxd4 h6 11.Be3 Re8 12.Rc1 Bg4 13.h3 Be6 14.Qc2 Qd7 15.Nxe6 fxe6
16.Rfd1 Bf8 17.f4 Qf7 18.Bf2 Rad8 19.e4 d4 20.Nb5 e5 21.fxe5 d3 22.Qc3 Nxe5
23.Bd4 Qh5 24.Nc7 Re7 25.Bxe5 Rxe5 26.Rxd3 Bc5+ 27.Kh1 Rxd3 28.Qxd3 Nxe4
29.Kh2 Nf6 30.Qc4+ Kh7 31.Nd5 Nxd5 32.Qd3+ Kh8 33.Rxc5 Ne7 34.Rc7 Qe2 35.Qf3 Qxf3
36.Bxf3 Nf5 37.Rxb7 a5 38.Kg2 g5 39.Rd7 Rb5 40.b3 a4 41.Rd3 axb3 42.axb3 Rb4
43.Bd5 Nd6 44.Kf3 Kg7 45.Be6 Rb6 46.Ke2 Kf6 47.Bg8 h5 48.Kd1 h4 49.g4 Ke5
50.Ke2 Rb5 51.Ke3 Rc5 52.b4 Rb5 53.Rd4 Nc8 54.Bh7 Ne7 55.Be4 Rb6 56.Rc4 Ra6
57.Rc5+ Kd6 58.Ra5 Rb6 59.b5 Kc5 60.Bd3 Nd5+ 61.Kf2 Rf6+ 62.Kg1 Nb6 63.Ra1 Rf3
64.Bf1 Nd5 65.Rc1+ Nc3 66.Re1 Rg3+ 67.Kh2 Nd5 68.Rc1+ Kd4 69.Rb1 Nb6 70.Rd1+ Kc5
71.Rc1+ Kd4 72.Bg2 Rb3 73.Rd1+ Kc5 74.Bc6 Re3 75.Rd2 Re5 76.Rf2 Nc8 77.Rf5 Kd4
78.Kg2 Ne7 79.Rxe5 Kxe5 80.Bb7 Kd4 81.Kf3 Ng6 82.Ba6 Ne5+ 83.Ke2 Nc4 84.Bb7 Nd6
85.Bc6 Nc4 86.Bg2 Nb6 87.Bf1 Ke4 88.Kd2 Kd4  1/2-1/2

[Event "Linares"]
[Site "Linares"]
[Date "1988.??.??"]
[Round "?"]
[White "Chandler, Murray G"]
[Black "Hjartarson, Johann"]
[Result "1-0"]
[WhiteElo "2590"]
[BlackElo "2590"]

1.e4 e5 2.Nf3 Nc6 3.Bb5 a6 4.Ba4 Nf6 5.O-O Be7 6.Re1 b5 7.Bb3 O-O 8.c3 d6
9.h3 Nb8 10.d4 Nbd7 11.Nbd2 Bb7 12.Bc2 Re8 13.Nf1 Bf8 14.Ng3 g6 15.a4 c5
16.d5 c4 17.Bg5 h6 18.Be3 Nc5 19.Qd2 h5 20.Ng5 Bh6 21.f4 exf4 22.Bxf4 h4
23.Nf1 bxa4 24.Qd4 Ng4 25.Ne3 Nxe3 26.Qxe3 Qe7 27.Nf3 Bxf4 28.Qxf4 Rab8 29.Rad1 Nd3
30.Bxd3 cxd3 31.Rxd3 Bc8 32.Rd2 a3 33.bxa3 Rb3 34.c4 Rxa3 35.e5 dxe5 36.Rxe5 Qc5+
37.Kh2 Rxe5 38.Nxe5 Bf5 39.d6 Ra1 40.Qd4 Qa3 41.Nf3 Qc1 42.Qxh4  1-0

[Event "Linares"]
[Site "Linares"]
[Date "1988.??.??"]
[Round "?"]
[White "Beliavsky, Alexander G"]
[Black "Illescas Cordoba, Miguel"]
[Result "1/2-1/2"]
[WhiteElo "2645"]
[BlackElo "2495"]

1.d4 d5 2.c4 e6 3.Nc3 c5 4.cxd5 exd5 5.Nf3 Nc6 6.g3 Nf6 7.Bg2 Be7 8.O-O O-O
9.Bg5 Be6 10.dxc5 Bxc5 11.Bxf6 Qxf6 12.Nxd5 Qxb2 13.Nc7 Rad8 14.Qc1 Qxc1
15.Raxc1 Be7 16.Nxe6 fxe6 17.Rc4 Bf6 18.Rb1 Rd6 19.h4 h6 20.Re4 b6 21.Bh3 Kf7
22.e3 Rc8 23.g4 g5 24.hxg5 hxg5 25.Bf1 Na5 26.Ba6 Rc2 27.a4 Rc3 28.Kg2 Nb3
29.Rc4 Rxc4 30.Bxc4 Nc5 31.a5 Nb7 32.a6 Nc5 33.Rh1 Kg6 34.Rc1 Kg7 35.Be2 Rd7
36.Rc2 Rc7 37.Ra2 Ne4 38.Bd3 Nd6 39.Rd2 b5 40.Rd1 Rc3 41.Be2 Rc6 42.e4 Nxe4
43.Rd7+ Kf8 44.Rxa7 Rc2 45.Ng1 Ra2 46.Kf3 Nd2+ 47.Kg2 Ne4 48.Rd7 Rxa6 49.Bxb5 Rd6
50.Rxd6  1/2-1/2

[Event "Linares"]
[Site "Linares"]
[Date "1988.??.??"]
[Round "?"]
[White "Beliavsky, Alexander G"]
[Black "Portisch, Lajos"]
[Result "1-0"]
[WhiteElo "2645"]
[BlackElo "2610"]

1.d4 Nf6 2.c4 e6 3.g3 d5 4.Bg2 dxc4 5.Nf3 Bd7 6.Ne5 Bc6 7.Nxc6 Nxc6 8.e3 Nd5
9.O-O Be7 10.Qe2 Nb6 11.Rd1 O-O 12.Nd2 Na5 13.Nf3 Qc8 14.Bd2 Nc6 15.Bc3 Nb4
16.Ne5 N4d5 17.Be1 c5 18.Rac1 cxd4 19.Nxc4 Qe8 20.Rxd4 Rc8 21.b3 Qb5 22.Qd1 Bc5
23.Rd3 Bb4 24.a4 Qa6 25.Bxb4 Nxb4 26.Rd6 Nc6 27.Ne5 Qa5 28.Nxc6 bxc6 29.Rcxc6 Rxc6
30.Bxc6 Qc5 31.Bf3 Qg5 32.Qd2 Qe7 33.Rd4 e5 34.Rd6 e4 35.Be2 h6 36.a5  1-0

[Event "Linares"]
[Site "Linares"]
[Date "1988.??.??"]
[Round "?"]
[White "Beliavsky, Alexander G"]
[Black "Ljubojevic, Ljubomir"]
[Result "1/2-1/2"]
[WhiteElo "2645"]
[BlackElo "2610"]

1.e4 e5 2.Nf3 Nc6 3.Bb5 a6 4.Ba4 Nf6 5.O-O Be7 6.Re1 b5 7.Bb3 O-O 8.c3 d6
9.d4 Bg4 10.d5 Na5 11.Bc2 c6 12.h3 Bxf3 13.Qxf3 cxd5 14.exd5 Nc4 15.Nd2 Nb6
16.Nf1 g6 17.Bh6 Re8 18.Ne3 Kh8 19.Ng4 Nxg4 20.hxg4 Kg8 21.a4 Bg5 22.Bxg5 Qxg5
23.axb5 axb5 24.Bd3 b4 25.Bb5 Rxa1 26.Rxa1 Ra8 27.Rxa8+ Nxa8 28.cxb4 Nb6
29.Be8 Qe7 30.Bc6 e4 31.Qf4 Nc4 32.b5 g5 33.Qc1 e3 34.fxe3 Qe4 35.Bd7 h6
36.Bf5 Qxd5 37.b3 Ne5 38.b6 Qxb3 39.Qb1 Qxe3+ 40.Kh1 Nc6 41.Bh7+  1/2-1/2